00527nam a2200121Ia 4500008004100000245021800041260003500259260000900294300000800303500001500311650001300326856006600339170516s9999 xx 000 0 und d aDesign and characterization of hollow/porous floating beads of captopril for pulsatile drug delivery Anand Panchakshari Gadad, Annapureddy Dasaratharami Reddy, Panchaxari Mallappa Dandagi, Vinayak S Masthiholimath bAsian Journal of Pharmaceutics c2012 a6:2 aApril-June xPharmacy uhttp://www.asiapharmaceutics.info/index.php/ajp/issue/view/28